书目信息 |
| 题名: |
希山格言选
|
|
| 作者: | 刘希山, 著 | |
| 分册: | ||
| 出版信息: | 北京 大众文艺出版社 2010 |
|
| 页数: | 159页 | |
| 开本: | 21cm | |
| 丛书名: | 瀚雅文丛 | |
| 单 册: | ||
| 中图分类: | H136.3 , I267 | |
| 科图分类: | ||
| 主题词: | 汉语--格言--汇编 , 散文集--中国--现代 | |
| 电子资源: | ||
| ISBN: | 978-7-80171-693-4 | |
| 000 | 00707oam2 2200265 450 | |
| 001 | 339936 | |
| 005 | 20150604155328.28 | |
| 010 | @a978-7-80171-693-4@dCNY18.00 | |
| 100 | @a20091019d2009 em y0chiy50 ea | |
| 101 | 0 | @achi |
| 102 | @aCN@b110000 | |
| 105 | @ay z 000yy | |
| 106 | @ar | |
| 200 | 1 | @a希山格言选@AXi Shan Ge Yan Xuan@f刘希山著 |
| 210 | @a北京@c大众文艺出版社@d2010 | |
| 215 | @a159页@d21cm | |
| 225 | 2 | @a瀚雅文丛@AHan Ya Wen Cong |
| 410 | 0 | @12001 @a瀚雅文丛 |
| 606 | 0 | @a汉语@x格言@j汇编 |
| 606 | 0 | @a散文集@y中国@z现代 |
| 690 | @aH136.3@v5 | |
| 690 | @aI267@v5 | |
| 701 | 0 | @a刘希山,@ALiu Xi Shan@f1947-@4著 |
| 801 | 0 | @aCN@b卓展宏图@c20150525 |
| 905 | @dH136.3@e324@f5 | |
| 希山格言选/刘希山著.-北京:大众文艺出版社,2010 |
| 159页;21cm.-(瀚雅文丛) |
| ISBN 978-7-80171-693-4:CNY18.00 |
| ● |
| 相关链接 |
|
|
|
|
正题名:希山格言选
索取号:H136.3/324
 
预约/预借
| 序号 | 登录号 | 条形码 | 馆藏地/架位号 | 状态 | 备注 |
| 1 | 854986 | 208549864 | 第二样本阅览室/ [索取号:H136.3/324] | 在馆 | |
| 2 | 854987 | 208549873 | 第四借阅区/ [索取号:H136.3/324] | 在馆 | |
| 3 | 854988 | 208549882 | 第四借阅区/ [索取号:H136.3/324] | 在馆 | |
| 4 | 854989 | 208549891 | 第四借阅区/ [索取号:H136.3/324] | 在馆 | |
| 5 | 854990 | 208549908 | 第四借阅区/ [索取号:H136.3/324] | 在馆 |